<?xml version="1.0" encoding="UTF-8"?>
<record
    xmlns:xsi="http://www.w3.org/2001/XMLSchema-instance"
    xsi:schemaLocation="http://www.loc.gov/MARC21/slim http://www.loc.gov/standards/marcxml/schema/MARC21slim.xsd"
    xmlns="http://www.loc.gov/MARC21/slim">

  <leader>00807nam a22001337a 4500</leader>
  <datafield tag="040" ind1=" " ind2=" ">
    <subfield code="c">RUA </subfield>
  </datafield>
  <datafield tag="082" ind1=" " ind2=" ">
    <subfield code="a">AVM EAN 2013 B107 Or.1</subfield>
  </datafield>
  <datafield tag="100" ind1=" " ind2=" ">
    <subfield code="a">EANG CHANTHA</subfield>
  </datafield>
  <datafield tag="245" ind1=" " ind2=" ">
    <subfield code="a">Effect of coline supplements in concentrated feed on quail growth in animal experimental station at royal university of agriculture, (&#x17A5;&#x1791;&#x17D2;&#x1792;&#x17B7;&#x1796;&#x179B;&#x1793;&#x17C3;&#x1780;&#x17B6;&#x179A;&#x1794;&#x1793;&#x17D2;&#x1790;&#x17C2;&#x1798; Choline &#x1780;&#x17D2;&#x1793;&#x17BB;&#x1784;&#x1785;&#x17C6;&#x178E;&#x17B8;&#x1795;&#x17D2;&#x179F;&#x17C6;&#x179B;&#x17BE;&#x1780;&#x17B6;&#x179A;&#x179B;&#x17BC;&#x178F;&#x179B;&#x17B6;&#x179F;&#x17CB;&#x179A;&#x1794;&#x179F;&#x17CB;&#x1780;&#x17D2;&#x179A;&#x17BD;&#x1785; &#x1793;&#x17C5;&#x179F;&#x17D2;&#x1790;&#x17B6;&#x1793;&#x17B8;&#x1799;&#x17CD;&#x1796;&#x17B7;&#x179F;&#x17C4;&#x1792;&#x1793;&#x17CD;&#x179F;&#x178F;&#x17D2;&#x179C; &#x1793;&#x17C3;&#x179F;&#x17B6;&#x1780;&#x179B;&#x179C;&#x17B7;&#x1791;&#x17D2;&#x1799;&#x17B6;&#x179B;&#x17D0;&#x1799;&#x1797;&#x17BC;&#x1798;&#x17B7;&#x1793;&#x17D2;&#x1791;&#x1780;&#x179F;&#x17B7;&#x1780;&#x1798;&#x17D2;)&#x1798;</subfield>
  </datafield>
  <datafield tag="260" ind1=" " ind2=" ">
    <subfield code="a">Phnom Penh </subfield>
    <subfield code="b">Rua </subfield>
    <subfield code="c">2013</subfield>
  </datafield>
  <datafield tag="300" ind1=" " ind2=" ">
    <subfield code="a">x; 50p.</subfield>
    <subfield code="b">ill.</subfield>
    <subfield code="c">29cm.</subfield>
  </datafield>
  <datafield tag="856" ind1=" " ind2=" ">
    <subfield code="u">https://drive.google.com/file/d/1k9Wgwit8NleZIbJJY9JR17YdNLFCP_Wj/view?usp=sharing</subfield>
  </datafield>
  <datafield tag="942" ind1=" " ind2=" ">
    <subfield code="c">AVM</subfield>
  </datafield>
  <datafield tag="999" ind1=" " ind2=" ">
    <subfield code="c">2640</subfield>
    <subfield code="d">2640</subfield>
  </datafield>
  <datafield tag="952" ind1=" " ind2=" ">
    <subfield code="0">0</subfield>
    <subfield code="1">0</subfield>
    <subfield code="2">ddc</subfield>
    <subfield code="4">0</subfield>
    <subfield code="6">AVM_EAN_2013_000000000000000_B107_OR_1</subfield>
    <subfield code="7">0</subfield>
    <subfield code="9">12354</subfield>
    <subfield code="a">LBB</subfield>
    <subfield code="b">LBB</subfield>
    <subfield code="d">2015-10-24</subfield>
    <subfield code="l">2</subfield>
    <subfield code="o">AVM EAN 2013 B107 Or.1</subfield>
    <subfield code="p">RUA018308</subfield>
    <subfield code="r">2025-04-22</subfield>
    <subfield code="s">2025-03-22</subfield>
    <subfield code="w">2015-10-24</subfield>
    <subfield code="y">AVM</subfield>
  </datafield>
  <datafield tag="952" ind1=" " ind2=" ">
    <subfield code="0">0</subfield>
    <subfield code="1">0</subfield>
    <subfield code="2">ddc</subfield>
    <subfield code="4">0</subfield>
    <subfield code="6">AVM_EAN_2013_000000000000000_B107_OR_2</subfield>
    <subfield code="7">0</subfield>
    <subfield code="9">12355</subfield>
    <subfield code="a">LBB</subfield>
    <subfield code="b">LBB</subfield>
    <subfield code="d">2015-10-24</subfield>
    <subfield code="o">AVM EAN 2013 B107 Or.2</subfield>
    <subfield code="p">RUA018379</subfield>
    <subfield code="r">2015-10-24</subfield>
    <subfield code="w">2015-10-24</subfield>
    <subfield code="y">AVM</subfield>
  </datafield>
  <datafield tag="952" ind1=" " ind2=" ">
    <subfield code="0">0</subfield>
    <subfield code="1">0</subfield>
    <subfield code="2">ddc</subfield>
    <subfield code="4">0</subfield>
    <subfield code="6">AVM_EAN_2013_000000000000000_B107_OR_3</subfield>
    <subfield code="7">0</subfield>
    <subfield code="9">12356</subfield>
    <subfield code="a">LBB</subfield>
    <subfield code="b">LBB</subfield>
    <subfield code="d">2015-10-24</subfield>
    <subfield code="l">2</subfield>
    <subfield code="o">AVM EAN 2013 B107 Or.3</subfield>
    <subfield code="p">RUA009673</subfield>
    <subfield code="r">2021-09-10</subfield>
    <subfield code="s">2021-09-08</subfield>
    <subfield code="w">2015-10-24</subfield>
    <subfield code="y">AVM</subfield>
  </datafield>
  <datafield tag="952" ind1=" " ind2=" ">
    <subfield code="0">0</subfield>
    <subfield code="1">0</subfield>
    <subfield code="2">ddc</subfield>
    <subfield code="4">0</subfield>
    <subfield code="6">AVM_EAN_2013_000000000000000_B107_OR_4</subfield>
    <subfield code="7">0</subfield>
    <subfield code="9">12357</subfield>
    <subfield code="a">LBB</subfield>
    <subfield code="b">LBB</subfield>
    <subfield code="d">2015-10-24</subfield>
    <subfield code="o">AVM EAN 2013 B107 Or.4</subfield>
    <subfield code="p">RUA009866</subfield>
    <subfield code="r">2015-10-24</subfield>
    <subfield code="w">2015-10-24</subfield>
    <subfield code="y">AVM</subfield>
  </datafield>
  <datafield tag="952" ind1=" " ind2=" ">
    <subfield code="0">0</subfield>
    <subfield code="1">0</subfield>
    <subfield code="2">ddc</subfield>
    <subfield code="4">0</subfield>
    <subfield code="6">AVM_EAN_2013_000000000000000_B107_OR_5</subfield>
    <subfield code="7">0</subfield>
    <subfield code="9">12358</subfield>
    <subfield code="a">LBB</subfield>
    <subfield code="b">LBB</subfield>
    <subfield code="d">2015-10-24</subfield>
    <subfield code="o">AVM EAN 2013 B107 Or.5</subfield>
    <subfield code="p">RUA009794</subfield>
    <subfield code="r">2017-02-10</subfield>
    <subfield code="w">2015-10-24</subfield>
    <subfield code="y">AVM</subfield>
  </datafield>
  <datafield tag="952" ind1=" " ind2=" ">
    <subfield code="0">0</subfield>
    <subfield code="1">0</subfield>
    <subfield code="2">ddc</subfield>
    <subfield code="4">0</subfield>
    <subfield code="6">AVM_EAN_2013_000000000000000_B107_OR_6</subfield>
    <subfield code="7">0</subfield>
    <subfield code="9">12359</subfield>
    <subfield code="a">LBB</subfield>
    <subfield code="b">LBB</subfield>
    <subfield code="d">2015-10-24</subfield>
    <subfield code="l">1</subfield>
    <subfield code="m">2</subfield>
    <subfield code="o">AVM EAN 2013 B107 Or.6</subfield>
    <subfield code="p">RUA009722</subfield>
    <subfield code="r">2018-12-26</subfield>
    <subfield code="s">2018-11-26</subfield>
    <subfield code="w">2015-10-24</subfield>
    <subfield code="y">AVM</subfield>
  </datafield>
  <datafield tag="952" ind1=" " ind2=" ">
    <subfield code="0">0</subfield>
    <subfield code="1">0</subfield>
    <subfield code="2">ddc</subfield>
    <subfield code="4">0</subfield>
    <subfield code="6">AVM_EAN_2013_000000000000000_B107_OR_7</subfield>
    <subfield code="7">0</subfield>
    <subfield code="9">12360</subfield>
    <subfield code="a">LBB</subfield>
    <subfield code="b">LBB</subfield>
    <subfield code="d">2015-10-24</subfield>
    <subfield code="o">AVM EAN 2013 B107 Or.7</subfield>
    <subfield code="p">RUA018123</subfield>
    <subfield code="r">2015-10-24</subfield>
    <subfield code="w">2015-10-24</subfield>
    <subfield code="y">AVM</subfield>
  </datafield>
  <datafield tag="952" ind1=" " ind2=" ">
    <subfield code="0">0</subfield>
    <subfield code="1">0</subfield>
    <subfield code="2">ddc</subfield>
    <subfield code="4">0</subfield>
    <subfield code="6">AVM_EAN_2013_000000000000000_B107_OR_8</subfield>
    <subfield code="7">0</subfield>
    <subfield code="9">12361</subfield>
    <subfield code="a">LBB</subfield>
    <subfield code="b">LBB</subfield>
    <subfield code="d">2015-10-24</subfield>
    <subfield code="l">2</subfield>
    <subfield code="o">AVM EAN 2013 B107 Or.8</subfield>
    <subfield code="p">RUA018195</subfield>
    <subfield code="r">2019-07-15</subfield>
    <subfield code="s">2019-06-29</subfield>
    <subfield code="w">2015-10-24</subfield>
    <subfield code="y">AVM</subfield>
  </datafield>
</record>
